| 000 | 00476nam a2200181Ia 4500 | ||
|---|---|---|---|
| 005 | 20250423101030.0 | ||
| 008 | 250422s9999 xx 000 0 und d | ||
| 020 | _a0-574-21495-X | ||
| 050 | _aQA 76.9.S88 .T4/ | ||
| 100 | _aLavette C. Teague | ||
| 245 | 0 | _aStructured analysis methods for computer information systems | |
| 260 | _aChicago | ||
| 260 | _bScience research associates Inc. | ||
| 260 | _c1985 | ||
| 300 | _a408 p | ||
| 650 | _aSystem Design | ||
| 942 | _cBK | ||
| 999 |
_c35078 _d35078 |
||